01537nab a2200409 a 450000100060000000300080000600500170001400600190003100700150005000800410006502200140010602200380012003500220015804000260018005000210020608000120022708200120023922200280025124501240027926000580040330000150046136200270047650001030050353301640060654600540077065000600082465000180088465000140090265000110091665000160092765300130094365500320095670000280098871000190101674000290103585600630106441754FlNmELB20241216222005.0m o d | cr cn|||||||||210112c20039999ag qr p o 0 b0spa d a0025-7680 z0025-768012 ( Ed. electrónica ) a(OCoLC)1230260043 aFlNmELBbspacFlNmELB 4aRC643bI346 2003 a616.15504a610222 0aMedicina [Buenos Aires]00aImportancia pronóstica de la expresión de MDR-1 en la leucemia mieloblástica aguda /cJorge Arbelbide ...[et-al]. a[Buenos Aires, Argentina] :bScielo Argentina,c2003. a277-282 p.0 aVol. 63, no. 4 (2003)- aServicio de Hematología, Servicio de Anatomía Patológica, Hospital Italiano de Buenos Aires. aRecurso electrónico. Santa Fe, Arg.: e-libro, 2015. Disponible vía World Wide Web. El acceso puede estar limitado para las bibliotecas afiliadas a e-libro. aArtículos en castellano; resumenes en inglés. 4aEnfermedades de los sistemas sanguíneo y linfático. 4aMedicamentos. 4aLeukemia. 4aDrugs. 4aHematology. aLeucemia 4aArtículos electrónicos.1 aArbelbide, Jorge,eaut.2 ae-libro, Corp.02aMedicina [Buenos Aires].40uhttps://elibro.net/ereader/politecnicointernacional/102915